Tổng hợp Pheromone giới tính đối với sùng khoai lang, Cylas fomicarius Fabrius (Coleoptera: Curculionidae) : Chuyên đề luận án tiến sĩ
Nội dung đề tài xây dựng quy trình điều chế mồi pheromone giới tính của sùng khoai lang theo hướng đơn giản, vật liệu rẽ tiền, hiệu quả hấp dẫn kéo dài với điều kiện phòng thí nghiệm. Đánh giá khả năng hấp dẫn của pheromore giới tính tô...
محفوظ في:
| المؤلف الرئيسي: | |
|---|---|
| التنسيق: | كتاب |
| اللغة: | Undetermined |
| منشور في: |
Cần Thơ
Trường Đại học Cần Thơ
2010
|
| الموضوعات: | |
| الوسوم: |
إضافة وسم
لا توجد وسوم, كن أول من يضع وسما على هذه التسجيلة!
|
| Thư viện lưu trữ: | Trung tâm Học liệu Trường Đại học Cần Thơ |
|---|
| LEADER | 01315nam a2200241Ia 4500 | ||
|---|---|---|---|
| 001 | CTU_205257 | ||
| 008 | 210402s9999 xx 000 0 und d | ||
| 082 | |a 635.22 | ||
| 082 | |b S464 | ||
| 088 | |a TNCS2011-36 | ||
| 100 | |a Phạm, Kim Sơn | ||
| 245 | 0 | |a Tổng hợp Pheromone giới tính đối với sùng khoai lang, Cylas fomicarius Fabrius (Coleoptera: Curculionidae) : | |
| 245 | 0 | |b Chuyên đề luận án tiến sĩ | |
| 245 | 0 | |c Phạm Kim Sơn ; Lê Văn Vàng (hướng dẫn) | |
| 260 | |a Cần Thơ | ||
| 260 | |b Trường Đại học Cần Thơ | ||
| 260 | |c 2010 | ||
| 520 | |a Nội dung đề tài xây dựng quy trình điều chế mồi pheromone giới tính của sùng khoai lang theo hướng đơn giản, vật liệu rẽ tiền, hiệu quả hấp dẫn kéo dài với điều kiện phòng thí nghiệm. Đánh giá khả năng hấp dẫn của pheromore giới tính tổng hợp đối với sùng khoai lang ở điều kiện ngoài đồng. | ||
| 650 | |a Khoai lang,Sweet potatoes | ||
| 650 | |x Dịch bệnh và sâu bệnh,Diseases and pests | ||
| 904 | |i Qhieu | ||
| 915 | |a NN | ||
| 980 | |a Trung tâm Học liệu Trường Đại học Cần Thơ | ||